000 00888nam a2200289 a 4500
001 vtls000890037
003 NLI
005 20210627082701.0
008 110512s1900 ii 000 0 eng
039 9 _y201105122116
_zDatasoft
040 0 _aNLI
_beng
_cRetro_DSC 1
_eAACR2
041 0 _aeng
044 _aii
082 0 4 _a516.2
100 1 _aVidyaratra, Nrisinhachandra Mukerji,
_d1805-1885
_9845290
245 1 0 _aEuclid's elements of geometry in Bengali /
_cNrisinhachandra Mukerji Vidyaratra
260 _aCalcutta :
_bS. C. Auddy,
_c1900
300 _a148 p. :
_bdiagr. ;
_c22 cm.
500 _aAt the head of title: books for Indian schools
650 0 _aEuclid's Elements
_9805455
710 2 _aAsutosh Collection (National Library, India)
887 _a
901 _a52751
_b11.06.1982
902 _aA.C 516.2 V 669
999 _aVIRTUA40
_c730516
_d730516
942 _2ddc
_cBKS